| 000 | 00892nam a22002532 4500 | ||
|---|---|---|---|
| 001 | 0000005325 | ||
| 005 | 20151217152001.0 | ||
| 008 | 070611s xx 000 0 eng d | ||
| 020 |
_a0679732969 : _cUSD 14.00 |
||
| 040 |
_aKABU _cKABU |
||
| 050 | 0 |
_aU42 _b.C64 |
|
| 100 | 1 |
_aCohen, Eliot A. _@0000156558 |
|
| 245 | 1 | 0 |
_aMilitary misfortunes : _bthe anatomy of failure in war / _cEliot A. Cohen, John Gooch. |
| 260 |
_aNew York : _bVintage Books, _c1991. |
||
| 300 |
_ax, 296 p. : _bill. ; _c21 cm. |
||
| 504 | _aIncludes bibliographical references and index. | ||
| 650 | 0 |
_aMilitary art and science _xHistory _y20th century. _@0000156559 |
|
| 650 | 0 |
_aMilitary history, Modern _y20th century. _@0000156560 |
|
| 700 | 1 |
_aGooch, John. _@0000156561 |
|
| 908 | _a070611 | ||
| 950 | _@1 | ||
| 999 |
_c7002 _d7002 |
||